Minecraft "Husbandry" Advancements (Tree) - Statistics

General Stats
  • This quiz has been taken 24 times
    12 since last reset
  • The average score is 15 of 26
Answer Stats
Answer % Correct
Two by Two
100%
A Balanced Diet
86%
A Seedy Place
86%
The Parrots and the Bats
86%
Best Friends Forever
71%
Husbandry
71%
Serious Dedication
71%
Tactical Fishing
71%
Bee Our Guest
57%
Birthday Song
57%
Fishy Business
57%
The Cutest Predator
57%
The Healing Power of Friendship!
57%
Wax Off
57%
Wax On
57%
Whatever Floats Your Goat!
57%
A Complete Catalogue
43%
Bukkit Bukkit
43%
Glow and Behold!
43%
Little Sniffs
43%
Planting the Past
43%
Smells Interesting
43%
Total Beelocation
43%
When the Squad Hops into Town
43%
With Our Powers Combined!
43%
You've Got a Friend in Me
43%
No matching quizzes found
Score Distribution
Percent of People with Each Score
Percentile by Number Answered
Your Score History
You have not taken this quiz since the last reset